000 00991nam0a2200313 4500
001 RU\NLR\bibl\1520031
005 20260406121601.0
010 _a978-5-699-41465-9
_98000
021 _aRU
_b2010-29926
_9204д/2010
035 _a(NLR Aleph) 001511398
090 _a82813
_c82813
100 _a20100604d2010 |||y0rusy50 ca
101 0 _arus
102 _aRU
105 _ay |||||||||
200 1 _aЯ буду жить!
_e[роман]
_fЕлена Арсеньева
210 _aМосква
_cЭксмо
_d2010
215 _a318, [1] с.
_d17
225 1 _aРусский бестселлер
225 1 _aPocket book
320 _aДр. кн. авт.: с. 2
686 _aШ6(2=Р)8-446
700 1 _4070
_8rus
_7ca
_aАрсеньева
_bЕ. А.
_cписатель
_f1952-
_gЕлена Арсеньевна
_3RU\NLR\auth\77572
_9110618
801 0 _aRU
_bNLR
_c20100604
_gRCR
801 1 _aRU
_bNLR
_c20100604
942 _cBOOK
980 _aNB